[Event "?"]
[Site "ICC 2 1 03/03/98, Internet Ch"]
[Date "1998.??.??"]
[Round "?"]
[White "Brause"]
[Black "Cheops"]
[Result "1-0"]
[WhiteElo "2575"]
[BlackElo "2220"]
[PlyCount "53"]

1. e4 e5 2. Nf3 Nc6 3. Nc3 Nf6 4. Nxe5 Nxe5 5. d4 Ng6 6. e5 Ng8 7. Bc4 d6 8.
Qf3 Qd7 9. O-O dxe5 10. dxe5 c6 11. Re1 Qc7 12. Bg5 h6 13. Bd2 Be6 14. Bxe6
fxe6 15. Qe4 N8e7 16. Rad1 O-O-O 17. Qg4 Kb8 18. Qxe6 Nh4 19. Be3 g5 20. Rxd8+
Qxd8 21. Rd1 Qc8 22. Qd6+ Ka8 23. Qa3 a6 24. Qc5 Qb8 25. Rd8 Nc8 26. Rxf8 Rxf8
27. Qxf8 1-0

[Event "?"]
[Site "ICC 2 1 01/24/98, Internet Ch"]
[Date "1998.??.??"]
[Round "?"]
[White "Brause"]
[Black "Cheops"]
[Result "1-0"]
[WhiteElo "2535"]
[BlackElo "2170"]
[PlyCount "31"]

1. e4 e5 2. Nf3 Nc6 3. Nc3 Nf6 4. Nxe5 Nxe5 5. d4 Ng6 6. e5 Ng8 7. Bc4 Bb4 8.
Qf3 Qe7 9. O-O Bxc3 10. bxc3 f6 11. exf6 Qxf6 12. Qh5 N8e7 13. Bg5 Qf5 14. Rae1
Kf8 15. g4 Qf3 16. Re3 1-0

[Event "?"]
[Site "ICC 2 1 03/04/98, Internet Ch"]
[Date "1998.??.??"]
[Round "?"]
[White "Brause"]
[Black "Cheops"]
[Result "1-0"]
[WhiteElo "2545"]
[BlackElo "2205"]
[PlyCount "95"]

1. e4 e5 2. Nf3 Nc6 3. Nc3 Nf6 4. Nxe5 Nxe5 5. d4 Ng6 6. e5 Ng8 7. Bc4 d6 8.
Qf3 Qd7 9. O-O dxe5 10. dxe5 c6 11. Re1 Qc7 12. Bg5 Be6 13. Bxe6 fxe6 14. Rad1
Be7 15. Ne4 Nxe5 16. Qg3 Nf6 17. Bf4 Nfd7 18. Ng5 Bxg5 19. Qxg5 O-O 20. Bxe5
Nxe5 21. Qxe5 Qxe5 22. Rxe5 Rad8 23. Ree1 Kf7 24. f3 Rd5 25. c4 Rdd8 26. Kf2
Kf6 27. h4 h5 28. b4 e5 29. Ke3 Ke6 30. g3 g6 31. Ke4 b6 32. a3 a6 33. Ke3 Rfe8
34. Ke4 Rf8 35. a4 Rfe8 36. a5 bxa5 37. bxa5 Rb8 38. Rb1 Red8 39. Ke3 Kf5 40.
Rb6 Rxb6 41. axb6 Rb8 42. c5 a5 43. Rd1 a4 44. Rd7 Ra8 45. Ra7 Re8 46. Rxa4 g5
47. hxg5 Kxg5 48. Ra7 1-0

[Event "?"]
[Site "ICC 2 1 03/05/98, Internet Ch"]
[Date "1998.??.??"]
[Round "?"]
[White "Brause"]
[Black "Cheops"]
[Result "0-1"]
[WhiteElo "2555"]
[BlackElo "2195"]
[PlyCount "178"]

1. e4 e5 2. Nf3 Nc6 3. Nc3 Nf6 4. Nxe5 Nxe5 5. d4 Ng6 6. e5 Ng8 7. Bc4 Bb4 8.
Qf3 f6 9. O-O Bxc3 10. bxc3 d5 11. Bxd5 Bg4 12. Bc6+ bxc6 13. Qxg4 fxe5 14. Re1
N8e7 15. Ba3 Rb8 16. Re4 O-O 17. Rae1 Rf7 18. Qe2 Nd5 19. Qd2 Ndf4 20. Qe3 Qg5
21. Qg3 Qxg3 22. hxg3 Nd5 23. dxe5 Nxc3 24. R4e3 Nd5 25. Rb3 Re8 26. f4 Nge7
27. Rb7 Nc8 28. c4 Ndb6 29. Re4 g6 30. c5 Nd5 31. Rd4 Rd7 32. Bb4 Kf7 33. Bd2
Ke6 34. Rd3 h5 35. Rdb3 Rh8 36. a3 Kf5 37. Bc1 h4 38. e6 Kxe6 39. g4 Rhd8 40.
Rf3 Nde7 41. Re3+ Kf7 42. Bb2 Rd1+ 43. Kf2 R8d2+ 44. Re2 Rxe2+ 45. Kxe2 Rd7 46.
Bc3 Nd5 47. Be5 Re7 48. Kf3 Ke6 49. g5 Kd7 50. Kg4 Rh7 51. Kh3 Nce7 52. Rxa7
Nf5 53. Ra6 Rf7 54. Ra4 Rf8 55. Rc4 Rb8 56. Kh2 Rb3 57. Ra4 Rb7 58. Ra8 Rb3 59.
Ra4 Rb5 60. Ra7 Rxc5 61. Kh3 Rb5 62. a4 Rb4 63. Kh2 Rb3 64. Ra8 Ra3 65. a5 c5
66. Ra6 c4 67. Ra7 c3 68. Ra6 c2 69. Bb2 Rb3 70. Bc1 Rb1 71. Rc6 Rxc1 72. Rxc2
Rxc2 73. Kh3 Ra2 74. a6 Rxa6 75. Kh2 Ra4 76. Kg1 Rxf4 77. Kh2 Rf1 78. g3 hxg3+
79. Kh3 Rf2 80. Kg4 g2 81. Kh3 Rf1 82. Kxg2 Nde3+ 83. Kh2 c5 84. Kh3 c4 85. Kh2
c3 86. Kh3 c2 87. Kh2 c1=Q 88. Kh3 Qc4 89. Kh2 Qh4# 0-1

[Event "?"]
[Site "ICC 2 1 03/05/98, Internet Ch"]
[Date "1998.??.??"]
[Round "?"]
[White "Brause"]
[Black "Cheops"]
[Result "1-0"]
[WhiteElo "2530"]
[BlackElo "2220"]
[PlyCount "97"]

1. e4 e5 2. Nf3 Nc6 3. Nc3 Nf6 4. Nxe5 Nxe5 5. d4 Ng6 6. e5 Ng8 7. Bc4 Bb4 8.
Qf3 Bxc3+ 9. bxc3 f6 10. O-O d5 11. Bxd5 Bg4 12. Bc6+ bxc6 13. Qxg4 fxe5 14.
Re1 N8e7 15. Ba3 O-O 16. Bc5 Rf7 17. h4 Qc8 18. Qxc8+ Nxc8 19. Rab1 Nxh4 20.
Rxe5 Nd6 21. Re2 Nhf5 22. Re5 g6 23. f3 Kg7 24. Kh2 Ne7 25. Kh3 Nd5 26. Rb3 Nc4
27. Re1 Rd7 28. Kh2 Kf7 29. Kg3 a5 30. Rh1 h5 31. Re1 a4 32. Rb7 Nxc3 33. Rb4
Nd6 34. Ra1 Nf5+ 35. Kh2 h4 36. Kh1 Nd5 37. Rb7 Nd6 38. Bxd6 Rxd6 39. Kg1 Rd7
40. Kf2 Nb6 41. Re1 Rc8 42. Re4 Nd5 43. Ra7 g5 44. Re5 Kf6 45. Ra5 Rb8 46. Rxa4
Rb2 47. Rc4 Nb6 48. Rxc6+ Kf7 49. Rxg5 1-0

[Event "?"]
[Site "ICC 2 1 03/05/98, Internet Ch"]
[Date "1998.??.??"]
[Round "?"]
[White "Brause"]
[Black "Cheops"]
[Result "1-0"]
[WhiteElo "2525"]
[BlackElo "2225"]
[PlyCount "71"]

1. e4 e5 2. Nf3 Nc6 3. Nc3 Nf6 4. Nxe5 Nxe5 5. d4 Ng6 6. e5 Ng8 7. Bc4 Bb4 8.
Qf3 Bxc3+ 9. bxc3 f6 10. O-O d5 11. Bxd5 Bg4 12. Bc6+ bxc6 13. Qxg4 fxe5 14.
Re1 N8e7 15. Ba3 O-O 16. Rab1 Rf7 17. dxe5 Qd2 18. Qd4 Qxd4 19. cxd4 Nd5 20.
Rb7 Nf8 21. e6 Rf6 22. c4 Nxe6 23. cxd5 cxd5 24. Bb2 a5 25. Bc3 a4 26. Re5 Rd8
27. Ra7 c5 28. dxc5 d4 29. Bd2 d3 30. Rxa4 Kf7 31. Ra7+ Kg6 32. Re7 Nf4 33. h4
h5 34. Rg5+ Kh6 35. Rgxg7 Rh8 36. g3 1-0

[Event "?"]
[Site "ICC 2 1 03/05/98, Internet Ch"]
[Date "1998.??.??"]
[Round "?"]
[White "Brause"]
[Black "Cheops"]
[Result "1-0"]
[WhiteElo "2520"]
[BlackElo "2235"]
[PlyCount "53"]

1. e4 e5 2. Nf3 Nc6 3. Nc3 Nf6 4. Nxe5 Nxe5 5. d4 Ng6 6. e5 Ng8 7. Bc4 Bb4 8.
Qf3 Bxc3+ 9. bxc3 f6 10. O-O d5 11. Bxd5 Bg4 12. Bc6+ bxc6 13. Qxg4 fxe5 14.
Re1 N8e7 15. Ba3 Rb8 16. Qe4 O-O 17. Bc5 Rf4 18. Qd3 Nd5 19. Rab1 e4 20. Qh3
Rxb1 21. Rxb1 Qe8 22. Bxa7 e3 23. Rb8 exf2+ 24. Kf1 Qxb8 25. Bxb8 Re4 26. Qc8+
Kf7 27. Qf5+ 1-0

[Event "?"]
[Site "ICC 2 1 03/05/98, Internet Ch"]
[Date "1998.??.??"]
[Round "?"]
[White "Brause"]
[Black "Cheops"]
[Result "1-0"]
[WhiteElo "2510"]
[BlackElo "2240"]
[PlyCount "57"]

1. e4 e5 2. Nf3 Nc6 3. Nc3 Nf6 4. Nxe5 Nxe5 5. d4 Ng6 6. e5 Ng8 7. Bc4 Bb4 8.
Qf3 Bxc3+ 9. bxc3 f6 10. O-O d5 11. Bxd5 Bg4 12. Bc6+ bxc6 13. Qxg4 fxe5 14.
Re1 N8e7 15. Ba3 Rb8 16. Qe4 O-O 17. Bc5 a5 18. Qe3 Nd5 19. Qg3 Rf5 20. Qd3 Qh4
21. Qxf5 Ndf4 22. g3 Nh3+ 23. Kg2 Ngf4+ 24. gxf4 Nxf4+ 25. Kf3 g6 26. Qxe5 Nd5
27. Qe6+ Kg7 28. c4 Qh5+ 29. Qg4 1-0

[Event "?"]
[Site "ICC 2 1 03/05/98, Internet Ch"]
[Date "1998.??.??"]
[Round "?"]
[White "Brause"]
[Black "Cheops"]
[Result "1-0"]
[WhiteElo "2525"]
[BlackElo "2230"]
[PlyCount "37"]

1. e4 e5 2. Nf3 Nc6 3. Nc3 Nf6 4. Nxe5 Nxe5 5. d4 Ng6 6. e5 Ng8 7. Bc4 Bb4 8.
Qf3 Bxc3+ 9. bxc3 f6 10. O-O d5 11. Bxd5 Bg4 12. Bc6+ bxc6 13. Qxg4 fxe5 14.
Re1 N8e7 15. Ba3 Rb8 16. dxe5 Qd2 17. Bxe7 Nxe7 18. Rad1 Qxc3 19. Re3 1-0

[Event "?"]
[Site "ICC 2 1 03/05/98, Internet Ch"]
[Date "1998.??.??"]
[Round "?"]
[White "Brause"]
[Black "Cheops"]
[Result "1-0"]
[WhiteElo "2535"]
[BlackElo "2220"]
[PlyCount "57"]

1. e4 e5 2. Nf3 Nc6 3. Nc3 Nf6 4. Nxe5 Nxe5 5. d4 Ng6 6. e5 Ng8 7. Bc4 Bb4 8.
Qf3 Bxc3+ 9. bxc3 f6 10. O-O d5 11. Bxd5 Bg4 12. Bc6+ bxc6 13. Qxg4 fxe5 14.
Re1 N8e7 15. Ba3 O-O 16. Bc5 Rb8 17. Bxa7 Rb2 18. Rab1 Rxb1 19. Rxb1 Qd5 20.
Rb2 e4 21. Bc5 Rf4 22. Qh3 h6 23. a4 Nf5 24. c4 Qxc4 25. Qb3 Qxb3 26. Rxb3 Nfe7
27. a5 Rf8 28. a6 Ra8 29. a7 1-0

[Event "?"]
[Site "ICC 2 1 03/05/98, Internet Ch"]
[Date "1998.??.??"]
[Round "?"]
[White "Brause"]
[Black "Cheops"]
[Result "1-0"]
[WhiteElo "2540"]
[BlackElo "2210"]
[PlyCount "89"]

1. e4 e5 2. Nf3 Nc6 3. Nc3 Nf6 4. Nxe5 Nxe5 5. d4 Ng6 6. e5 Ng8 7. Bc4 Bb4 8.
Qf3 Bxc3+ 9. bxc3 f6 10. O-O d5 11. Bxd5 Bg4 12. Bc6+ bxc6 13. Qxg4 fxe5 14.
Re1 N8e7 15. Ba3 O-O 16. Bc5 a5 17. h4 Rf4 18. Qe6+ Rf7 19. h5 Nf4 20. Qxe5
Ned5 21. h6 Qd7 22. f3 gxh6 23. c4 Nb6 24. Bxb6 cxb6 25. Rad1 Raf8 26. Re4 Ng6
27. Qe6 Kg7 28. Rde1 Qc7 29. Qg4 h5 30. Qg5 h4 31. Rxh4 Rf5 32. Qh6+ Kg8 33.
Rg4 Qg7 34. Qxg7+ Kxg7 35. c5 bxc5 36. Rge4 R8f7 37. a3 cxd4 38. Rxd4 Rc5 39.
Rd2 Rb7 40. Re3 Rb2 41. Rb3 Rcxc2 42. Rxb2 Rxd2 43. Rxd2 Nf4 44. Rc2 c5 45.
Rxc5 1-0

[Event "?"]
[Site "ICC 2 1 03/05/98, Internet Ch"]
[Date "1998.??.??"]
[Round "?"]
[White "Brause"]
[Black "Cheops"]
[Result "0-1"]
[WhiteElo "2550"]
[BlackElo "2200"]
[PlyCount "100"]

1. e4 e5 2. Nf3 Nc6 3. Nc3 Nf6 4. Nxe5 Nxe5 5. d4 Ng6 6. e5 Ng8 7. Bc4 Bb4 8.
Qf3 Bxc3+ 9. bxc3 f6 10. O-O d5 11. Bxd5 Bg4 12. Bc6+ bxc6 13. Qxg4 fxe5 14.
Re1 N8e7 15. Ba3 O-O 16. Bc5 Qd5 17. Qe2 Rf7 18. Qd3 Nf4 19. Qf1 e4 20. c4 Qf5
21. Rad1 Neg6 22. h3 Nh4 23. g4 Nf3+ 24. Kh1 Qg6 25. Re3 h5 26. g5 Qxg5 27.
Rxe4 Qh4 28. Rd3 Ng5 29. Be7 Rxe7 30. Rxe7 Ngxh3 31. Rxh3 Nxh3 32. Re3 Nf4+ 33.
Kg1 Rf8 34. a3 g5 35. c5 g4 36. Qc4+ Nd5 37. Rg3 Rf3 38. Rxf3 gxf3 39. Qf1 Qg4+
40. Kh2 Qf4+ 41. Kh3 Qg4+ 42. Kh2 Qh4+ 43. Kg1 Nf4 44. Qc4+ Kf8 45. d5 Ne2+ 46.
Qxe2 fxe2 47. Kg2 Qg4+ 48. Kh2 e1=Q 49. dxc6 Qxf2+ 50. Kh1 Qgg2# 0-1

[Event "?"]
[Site "ICC 2 1 03/05/98, Internet Ch"]
[Date "1998.??.??"]
[Round "?"]
[White "Brause"]
[Black "Cheops"]
[Result "1/2-1/2"]
[WhiteElo "2525"]
[BlackElo "2225"]
[PlyCount "55"]

1. e4 e5 2. Nf3 Nc6 3. Nc3 Nf6 4. Nxe5 Nxe5 5. d4 Ng6 6. e5 Ng8 7. Bc4 Bb4 8.
Qf3 Bxc3+ 9. bxc3 f6 10. O-O d5 11. Bxd5 Bg4 12. Bc6+ bxc6 13. Qxg4 fxe5 14.
Re1 N8e7 15. Bg5 O-O 16. Rad1 Qc8 17. Qg3 Nd5 18. c4 Ndf4 19. c3 h6 20. Bxf4
Nxf4 21. Rxe5 Qf5 22. Kh1 Qf6 23. Qe3 Rad8 24. a3 Qf7 25. Re7 Qf6 26. Re5 Qf7
27. Re7 Qf6 28. Re5 1/2-1/2

[Event "?"]
[Site "ICC 2 1 03/05/98, Internet Ch"]
[Date "1998.??.??"]
[Round "?"]
[White "Brause"]
[Black "Cheops"]
[Result "0-1"]
[WhiteElo "2520"]
[BlackElo "2230"]
[PlyCount "142"]

1. Nc3 e5 2. Nf3 Nc6 3. e4 Nf6 4. Nxe5 Nxe5 5. d4 Ng6 6. e5 Ng8 7. Bc4 Bb4 8.
Qf3 Bxc3+ 9. bxc3 f6 10. O-O d5 11. Bxd5 Bg4 12. Bc6+ bxc6 13. Qxg4 fxe5 14.
Re1 N8e7 15. Bg5 O-O 16. Rad1 Qc8 17. Qg3 Nd5 18. c4 Ndf4 19. c3 Qf5 20. a3 h6
21. Bxf4 exf4 22. Qf3 Nh4 23. Qxc6 f3 24. g3 Qh3 25. Qe6+ Qxe6 26. Rxe6 Nf5 27.
d5 Rae8 28. Ra6 Re2 29. Rxa7 Rfe8 30. h4 Rc2 31. Rxc7 Ree2 32. Rc8+ Kh7 33. Rf8
Ne3 34. Rxf3 Nxd1 35. Kg2 Nxf2 36. Rf8 Ng4+ 37. Kf3 h5 38. Rf5 Re3+ 39. Kf4
Rf2+ 40. Kg5 Rxf5+ 41. Kxf5 Rxc3 42. d6 Rxc4 43. a4 Rxa4 44. Ke6 Rd4 45. Ke7
Nf6 46. Ke6 Kg6 47. Ke7 Kf5 48. Kf7 g6 49. Ke7 Rd5 50. Kd8 Rxd6+ 51. Kc7 Rd3
52. Kb6 Kg4 53. Kc5 Kxg3 54. Kc4 Rd8 55. Kc3 Kxh4 56. Kc2 Kg4 57. Kb3 Kf4 58.
Kb4 Ke4 59. Kc3 Ng4 60. Kb4 Ne3 61. Kb5 Rc8 62. Kb6 Kd5 63. Kb7 Rc6 64. Ka7 Nc4
65. Kb8 Kd6 66. Kb7 Rb6+ 67. Ka8 Kc6 68. Ka7 Na5 69. Ka8 Ra6+ 70. Kb8 g5 71.
Kc8 Ra8# 0-1

[Event "?"]
[Site "ICC 2 0 04/23/98, Internet Ch"]
[Date "1998.??.??"]
[Round "?"]
[White "Jakob, Steffen"]
[Black "RNT"]
[Result "1-0"]
[WhiteElo "1815"]
[BlackElo "2680"]
[PlyCount "49"]

1. e4 e5 2. Nf3 Nc6 3. Nc3 Nf6 4. Nxe5 Bb4 5. Nxc6 bxc6 6. d3 Bxc3+ 7. bxc3 Ba6
8. Bg5 O-O 9. Be2 h6 10. Bh4 g5 11. Bg3 d5 12. h4 dxe4 13. hxg5 exd3 14. cxd3
hxg5 15. Qd2 Nh7 16. O-O-O f6 17. Rh6 Qe7 18. Rg6+ Kh8 19. c4 Rf7 20. Qc3 Rb8
21. Rh1 Rg7 22. Rgh6 Qe5 23. Bxe5 fxe5 24. Qxe5 Rbg8 25. Rxh7# 1-0

[Event "?"]
[Site "ICC 2 1 01/26/98, Internet Ch"]
[Date "1998.??.??"]
[Round "?"]
[White "Brause"]
[Black "Cheops"]
[Result "1-0"]
[WhiteElo "2555"]
[BlackElo "2150"]
[PlyCount "79"]

1. e4 Nc6 2. Nf3 e5 3. Nc3 Nf6 4. Nxe5 Nxe5 5. d4 Nc6 6. d5 Nb8 7. e5 Ng8 8. d6
cxd6 9. exd6 Qb6 10. Nb5 Na6 11. Qe2+ Kd8 12. Be3 Qa5+ 13. c3 Nf6 14. Qc4 b6
15. Qxf7 Nc5 16. b4 Qa4 17. Nc7 Qc2 18. Rc1 Nd3+ 19. Bxd3 Qxd3 20. Nxa8 Ba6 21.
c4 Bxd6 22. a3 Re8 23. Qxg7 Be5 24. Rg1 Bxc4 25. Rxc4 Qxc4 26. Kd1 Qd3+ 27. Kc1
Qc3+ 28. Kd1 Qd3+ 29. Kc1 Ne4 30. Qf7 Qxa3+ 31. Kc2 Qb2+ 32. Kd3 Nd6 33. Bg5+
Kc8 34. Rc1+ Kb7 35. Qd5+ Kb8 36. Nc7 Qa3+ 37. Ke2 Qb2+ 38. Bd2 Bd4+ 39. Nxe8
Nxe8 40. Qxd7 1-0

[Event "?"]
[Site "ICC 2 1 01/26/98, Internet Ch"]
[Date "1998.??.??"]
[Round "?"]
[White "Brause"]
[Black "Cheops"]
[Result "1-0"]
[WhiteElo "2560"]
[BlackElo "2145"]
[PlyCount "27"]

1. e4 Nc6 2. Nf3 e5 3. Nc3 Nf6 4. Nxe5 Nxe5 5. d4 Ng6 6. e5 Ng8 7. Bc4 Bb4 8.
Qf3 Qe7 9. O-O Bxc3 10. bxc3 Qf8 11. Bg5 N8e7 12. Rab1 c6 13. g4 b5 14. Bxb5
1-0

[Event "?"]
[Site "ICC 2 5 03/02/98, Internet Ch"]
[Date "1998.??.??"]
[Round "?"]
[White "Brause"]
[Black "DoctorWho"]
[Result "1-0"]
[WhiteElo "2485"]
[BlackElo "2565"]
[PlyCount "106"]

1. e4 e5 2. Nf3 Nc6 3. Nc3 Nf6 4. Nxe5 Nxe5 5. d4 Nc6 6. d5 Ne7 7. e5 Nfg8 8.
d6 f6 9. Qe2 a6 10. dxe7 Bxe7 11. Bd2 d5 12. exd6 Qxd6 13. O-O-O Kf8 14. Qf3
Qe6 15. Bf4 c6 16. Kb1 Qf7 17. Qe3 g5 18. Bg3 Nh6 19. b3 Ng4 20. Qb6 Kg7 21. h4
Qg6 22. Qc7 Qf7 23. Bc4 Be6 24. Bxe6 Qxe6 25. Rhe1 Ne5 26. Bxe5 fxe5 27. Rxe5
Rac8 28. Qxe7+ Qxe7 29. Rxe7+ Kf6 30. Rxb7 gxh4 31. Ra7 Rcg8 32. Rxa6 Rxg2 33.
Rxc6+ Ke7 34. Nd5+ Kd7 35. Rc7+ Kd6 36. Rxh7 Rxh7 37. Nf4+ Kc5 38. Nxg2 h3 39.
Nf4 h2 40. Nd3+ Kd4 41. Rh1 Ke4 42. f4 Kf3 43. Ne1+ Kxf4 44. a4 Ke4 45. c4 Rh3
46. Ka2 Kd4 47. Ka3 Kc5 48. Nc2 Rh4 49. Ne3 Rh3 50. Nf1 Rf3 51. a5 Rf6 52. Nd2
Rh6 53. Ka4 Rh4 1-0

[Event "?"]
[Site "ICC 2 1 01/27/98, Internet Ch"]
[Date "1998.??.??"]
[Round "?"]
[White "Brause"]
[Black "Cheops"]
[Result "*"]
[WhiteElo "2540"]
[BlackElo "2165"]
[PlyCount "181"]

1. e4 Nc6 2. Nf3 e5 3. Nc3 Nf6 4. Nxe5 Nxe5 5. d4 Ng6 6. e5 Ng8 7. Bc4 Bb4 8.
Qf3 Bxc3+ 9. bxc3 Qe7 10. O-O f6 11. exf6 Nxf6 12. Bg5 Qf8 13. Rfe1+ Kd8 14.
Rab1 c6 15. Bd3 d5 16. c4 dxc4 17. Bxc4 h6 18. Bd2 a5 19. Qg3 Ne7 20. Qa3 Ned5
21. Bxa5+ b6 22. Bxb6+ Nxb6 23. Qxf8+ Rxf8 24. Rxb6 Kc7 25. Rb4 Kd6 26. Re5 Ba6
27. Bb3 Rfe8 28. f4 Ng4 29. Bf7 Rf8 30. Re6+ Kd7 31. Rg6 Rxf7 32. Rxg4 g5 33.
c4 gxf4 34. a4 c5 35. Rb2 cxd4 36. Rd2 Kd6 37. Rxd4+ Ke5 38. Rd5+ Ke4 39. Ra5
Rf5 40. c5 Rd5 41. h3 Bb7 42. Rb5 Rd1+ 43. Kh2 Bc6 44. Rb4+ Kd5 45. Rbxf4 Kxc5
46. Rf6 h5 47. Rf5+ Rd5 48. Rxd5+ Bxd5 49. Rf4 Rb8 50. Rf2 Rb4 51. a5 Ra4 52.
Rf5 Ra2 53. h4 Rxg2+ 54. Kh3 Ra2 55. Rxh5 Rxa5 56. Rg5 Kd4 57. h5 Ke4 58. h6
Ra1 59. Rh5 Bf7 60. Rb5 Rh1+ 61. Kg3 Rxh6 62. Rb4+ Ke3 63. Kg4 Bd5 64. Kf5 Rh5+
65. Kf6 Be4 66. Ke6 Kf4 67. Kd6 Ra5 68. Rb8 Rd5+ 69. Ke6 Rc5 70. Rf8+ Bf5+ 71.
Kd6 Rc1 72. Kd5 Rd1+ 73. Kc4 Ke5 74. Re8+ Be6+ 75. Kc3 Rd6 76. Re7 Ke4 77. Ra7
Rc6+ 78. Kd2 Bb3 79. Re7+ Kd4 80. Rd7+ Bd5 81. Rb7 Rg6 82. Re7 Rg3 83. Re8 Rh3
84. Re2 Be4 85. Rf2 Ra3 86. Ke2 Ra2+ 87. Ke1 Ra1+ 88. Kd2 Rh1 89. Ke2 Rh3 90.
Kd2 Rd3+ 91. Ke2 *

[Event "?"]
[Site "ICC 2 1 01/27/98, Internet Ch"]
[Date "1998.??.??"]
[Round "?"]
[White "Brause"]
[Black "Cheops"]
[Result "1-0"]
[WhiteElo "2515"]
[BlackElo "2165"]
[PlyCount "182"]

1. e4 Nc6 2. Nf3 e5 3. Nc3 Nf6 4. Nxe5 Nxe5 5. d4 Ng6 6. e5 Ng8 7. Bc4 Bb4 8.
Qf3 Bxc3+ 9. bxc3 Qe7 10. O-O f6 11. exf6 Nxf6 12. Bg5 Qf8 13. Rfe1+ Kd8 14.
Rab1 c6 15. Bd3 d5 16. c4 dxc4 17. Bxc4 h6 18. Bd2 a5 19. Qg3 Ne7 20. Qa3 Ned5
21. Bxa5+ b6 22. Bxb6+ Nxb6 23. Qxf8+ Rxf8 24. Rxb6 Kc7 25. Rb4 Kd6 26. Re5 Ba6
27. Bb3 Rfe8 28. f4 Ng4 29. Bf7 Rf8 30. Re6+ Kd7 31. Rg6 Rxf7 32. Rxg4 g5 33.
c4 gxf4 34. a4 c5 35. Rb2 cxd4 36. Rd2 Kd6 37. Rxd4+ Ke5 38. Rd5+ Ke4 39. Ra5
Rf5 40. c5 Rd5 41. h3 Bb7 42. Rb5 Rd1+ 43. Kh2 Bc6 44. Rb4+ Kd5 45. Rbxf4 Kxc5
46. Rf6 h5 47. Rf5+ Rd5 48. Rxd5+ Bxd5 49. Rf4 Rb8 50. Rf2 Rb4 51. a5 Ra4 52.
Rf5 Ra2 53. h4 Rxg2+ 54. Kh3 Ra2 55. Rxh5 Rxa5 56. Rg5 Kd4 57. h5 Ke4 58. h6
Ra1 59. Rh5 Bf7 60. Rb5 Rh1+ 61. Kg3 Rxh6 62. Rb4+ Ke3 63. Kg4 Bd5 64. Kf5 Rh5+
65. Kf6 Be4 66. Ke6 Kf4 67. Kd6 Ra5 68. Rb8 Rd5+ 69. Ke6 Rc5 70. Rf8+ Bf5+ 71.
Kd6 Rc1 72. Kd5 Rd1+ 73. Kc4 Ke5 74. Re8+ Be6+ 75. Kc3 Rd6 76. Re7 Ke4 77. Ra7
Rc6+ 78. Kd2 Bb3 79. Re7+ Kd4 80. Rd7+ Bd5 81. Rb7 Rg6 82. Re7 Rg3 83. Re8 Rh3
84. Re2 Be4 85. Rf2 Ra3 86. Ke2 Ra2+ 87. Ke1 Ra1+ 88. Kd2 Rh1 89. Ke2 Rh3 90.
Kd2 Rd3+ 91. Ke2 Re3+ 1-0

[Event "?"]
[Site "ICC 2 1 02/26/98, Internet Ch"]
[Date "1998.??.??"]
[Round "?"]
[White "Brause"]
[Black "Cheops"]
[Result "1-0"]
[WhiteElo "2605"]
[BlackElo "2190"]
[PlyCount "75"]

1. e4 e5 2. Nf3 Nc6 3. Nc3 Nf6 4. Nxe5 Bc5 5. f4 O-O 6. Nxc6 dxc6 7. e5 Re8 8.
Be2 Qd4 9. Rf1 Nd5 10. Nxd5 Qxd5 11. Bf3 Qd8 12. Qe2 Bf5 13. Qc4 Bb6 14. g3 Qd7
15. d3 Rad8 16. Bd2 Qe7 17. O-O-O Rd4 18. Qc3 Red8 19. g4 Be6 20. b3 Bd5 21.
Be3 Bxf3 22. Rxf3 R8d5 23. Bxd4 Bxd4 24. Qc4 Qa3+ 25. Kd2 Qxa2 26. Rff1 h6 27.
Qb4 b6 28. Qc4 a5 29. Qxc6 Rc5 30. Qa8+ Kh7 31. Qe4+ Kg8 32. Qxd4 Rxc2+ 33. Ke3
Rxh2 34. Qd8+ Kh7 35. Qxc7 Qb2 36. Qxf7 Rh3+ 37. Ke4 Qe2+ 38. Kf5 1-0

[Event "?"]
[Site "ICC 2 1 02/26/98, Internet Ch"]
[Date "1998.??.??"]
[Round "?"]
[White "Brause"]
[Black "Cheops"]
[Result "0-1"]
[WhiteElo "2610"]
[BlackElo "2185"]
[PlyCount "100"]

1. e4 e5 2. Nf3 Nc6 3. Nc3 Nf6 4. Nxe5 Nxe5 5. d4 Ng6 6. e5 Ng8 7. Bc4 d6 8.
Qf3 Qd7 9. O-O dxe5 10. dxe5 c6 11. Re1 Qc7 12. Bg5 Be6 13. Bxe6 fxe6 14. Rad1
Be7 15. Bxe7 N8xe7 16. Ne4 Nf5 17. Nd6+ Nxd6 18. exd6 Qd7 19. c4 O-O-O 20. c5
Rhf8 21. Qc3 e5 22. Qa5 Kb8 23. Rd3 Rf7 24. Rde3 Rdf8 25. f3 h5 26. Ra3 a6 27.
Qb4 Ka8 28. Qe4 Rf5 29. Ra5 Nf4 30. Kh1 Nd5 31. b4 Rf4 32. Qxe5 Rxb4 33. Kg1
Ka7 34. a3 Rbf4 35. Qe2 g5 36. Qd3 g4 37. Kh1 gxf3 38. g3 f2 39. Rf1 Rf3 40.
Qe2 Qh3 41. Rxa6+ bxa6 42. a4 h4 43. gxh4 Qxh4 44. Qxf3 Rxf3 45. d7 Qe4 46. Kg2
Rf8+ 47. Kh3 Qf3+ 48. Kh4 Rg8 49. h3 Qf4+ 50. Kh5 Qg5# 0-1

[Event "?"]
[Site "ICC 2 1 02/26/98, Internet Ch"]
[Date "1998.??.??"]
[Round "?"]
[White "Brause"]
[Black "Cheops"]
[Result "1-0"]
[WhiteElo "2585"]
[BlackElo "2210"]
[PlyCount "67"]

1. e4 e5 2. Nf3 Nc6 3. Nc3 Nf6 4. Nxe5 Nxe5 5. d4 Ng6 6. e5 Ng8 7. Bc4 d6 8.
Qf3 Qd7 9. O-O dxe5 10. dxe5 c6 11. Re1 Qc7 12. Bg5 Be6 13. Bxe6 fxe6 14. Rad1
Be7 15. Bxe7 N8xe7 16. Ne4 Nf5 17. g4 O-O 18. gxf5 Rxf5 19. Qb3 Nf4 20. Nd6 Rh5
21. Re4 Nd5 22. c4 Nb6 23. c5 Nd5 24. Rd3 Rf8 25. Qxb7 Qd8 26. Rg3 g6 27. Qxc6
Qa5 28. Nc4 Qxa2 29. Qxe6+ Kg7 30. Qxd5 Qb1+ 31. Kg2 Rxh2+ 32. Kxh2 Rxf2+ 33.
Rg2 Rxg2+ 34. Kxg2 1-0

[Event "?"]
[Site "ICC 2 1 02/26/98, Internet Ch"]
[Date "1998.??.??"]
[Round "?"]
[White "Brause"]
[Black "Cheops"]
[Result "1-0"]
[WhiteElo "2595"]
[BlackElo "2200"]
[PlyCount "65"]

1. e4 e5 2. Nf3 Nc6 3. Nc3 Nf6 4. Nxe5 Nxe5 5. d4 Ng6 6. e5 Ng8 7. Bc4 d6 8.
Qf3 Qd7 9. O-O dxe5 10. dxe5 c6 11. Re1 Qc7 12. Bg5 Be6 13. Bxe6 fxe6 14. Rad1
Be7 15. Bxe7 N8xe7 16. Qg4 Nf5 17. Qc4 Qe7 18. Na4 O-O 19. Nc5 Rae8 20. Rd7 Qh4
21. Qxh4 Nfxh4 22. Rxb7 Nf4 23. Rd1 Rf5 24. Rdd7 Rg5 25. g3 Nh3+ 26. Kf1 Nf3
27. Nxe6 Nxe5 28. Nxg5 Nxd7 29. Nxh3 Nc5 30. Rxa7 Rd8 31. a4 Rd2 32. Ng5 g6 33.
b4 1-0

[Event "?"]
[Site "ICC 2 1 02/26/98, Internet Ch"]
[Date "1998.??.??"]
[Round "?"]
[White "Brause"]
[Black "Cheops"]
[Result "1-0"]
[WhiteElo "2600"]
[BlackElo "2195"]
[PlyCount "65"]

1. e4 e5 2. Nf3 Nc6 3. Nc3 Nf6 4. Nxe5 Nxe5 5. d4 Ng6 6. e5 Ng8 7. Bc4 d6 8.
Qf3 Qd7 9. O-O dxe5 10. dxe5 c6 11. Re1 Qc7 12. Bg5 h6 13. Bc1 Be6 14. Bxe6
fxe6 15. Qg4 Qf7 16. Qd4 Be7 17. Ne4 Rd8 18. Qxa7 Nxe5 19. Qxb7 Bf6 20. Qb3 Ne7
21. Bf4 O-O 22. Nxf6+ gxf6 23. Bxh6 Nd5 24. Qg3+ Kh7 25. Bxf8 Rxf8 26. f4 Ng6
27. Qh3+ Kg7 28. Qxe6 Qa7+ 29. Kh1 Ngxf4 30. Qxc6 Rh8 31. Rf1 Qe3 32. Qd7+ Kg6
33. Rf3 1-0

[Event "?"]
[Site "ICC 2 1 02/26/98, Internet Ch"]
[Date "1998.??.??"]
[Round "?"]
[White "Brause"]
[Black "Cheops"]
[Result "1-0"]
[WhiteElo "2575"]
[BlackElo "2220"]
[PlyCount "49"]

1. e4 e5 2. Nf3 Nc6 3. Nc3 Nf6 4. Nxe5 Nxe5 5. d4 Ng6 6. e5 Ng8 7. Bc4 d6 8.
Qf3 Qd7 9. O-O dxe5 10. dxe5 c6 11. Re1 Qc7 12. Bg5 Be6 13. Bxe6 fxe6 14. Rad1
Bb4 15. Re4 Bxc3 16. Qxc3 N8e7 17. Qb3 Qc8 18. Rb4 O-O 19. Bxe7 Nxe7 20. Rxb7
Nd5 21. c4 Nf4 22. Rdd7 Rf5 23. Rxg7+ Kf8 24. Rxh7 Ng6 25. Qh3 1-0

[Event "?"]
[Site "ICC 2 1 02/26/98, Internet Ch"]
[Date "1998.??.??"]
[Round "?"]
[White "Brause"]
[Black "Cheops"]
[Result "1-0"]
[WhiteElo "2585"]
[BlackElo "2210"]
[PlyCount "23"]

1. e4 e5 2. Nf3 Nc6 3. Nc3 Nf6 4. Nxe5 Nxe5 5. d4 Ng6 6. e5 Ng8 7. Bc4 Bb4 8.
Qf3 Qe7 9. O-O Bxc3 10. bxc3 Nh4 11. Qg4 h5 12. Qxg7 1-0

[Event "?"]
[Site "ICC 2 1 02/26/98, Internet Ch"]
[Date "1998.??.??"]
[Round "?"]
[White "Brause"]
[Black "Cheops"]
[Result "1-0"]
[WhiteElo "2590"]
[BlackElo "2205"]
[PlyCount "35"]

1. e4 e5 2. Nf3 Nc6 3. Nc3 Nf6 4. Nxe5 Nxe5 5. d4 Nc6 6. d5 Nb8 7. e5 Ng8 8. d6
f6 9. exf6 Nxf6 10. Qe2+ Kf7 11. Qc4+ Ke8 12. dxc7 Qe7+ 13. Be3 Nc6 14. O-O-O
d6 15. Bg5 Be6 16. Qf4 h6 17. Bxf6 gxf6 18. Ne4 1-0

[Event "?"]
[Site "ICC 2 0 04/16/98, Internet Ch"]
[Date "1998.??.??"]
[Round "?"]
[White "Brause"]
[Black "MarvinMartian"]
[Result "1-0"]
[WhiteElo "2475"]
[BlackElo "2125"]
[PlyCount "67"]

1. e4 e5 2. Nf3 Nc6 3. Nc3 Nf6 4. Nxe5 Nxe5 5. d4 Ng6 6. e5 Ng8 7. Bc4 Bb4 8.
Qf3 Bxc3+ 9. bxc3 Qe7 10. O-O Nh6 11. g3 O-O 12. Re1 d5 13. Bxd5 c6 14. Be4 Bg4
15. Qd3 Rad8 16. Bxh6 gxh6 17. Rab1 h5 18. Qf1 h4 19. Qd3 Qe6 20. Rxb7 a5 21.
gxh4 Nxh4 22. Rc7 Kh8 23. Rxc6 Qe7 24. Rh6 Ng6 25. Bxg6 fxg6 26. Qg3 Qe6 27.
Qh4 Rd7 28. c4 Qf5 29. h3 Bf3 30. d5 g5 31. Qd4 Rg7 32. Rf6 Qxh3 33. Rxf8+ Rg8
34. e6# 1-0